000 00301nam a2200133Ia 4500
008 220216s9999 xx 000 0 und d
100 _aKurup V S R
245 0 _aWill GATT hit rubber?
260 _bRubber Asia
_c1994
300 _a26-32
650 _aGATT
650 _aNatural rubber
942 _cJS
999 _c72433
_d72433